| 000 | 00765cam a2200253 4500 | ||
|---|---|---|---|
| 001 | J61786 | ||
| 008 | 000000n2000 000 0 eng u | ||
| 035 | _a(Sirsi) u107178 | ||
| 041 | _aeng | ||
| 050 | _a333.33709421 | ||
| 110 |
_aInsignia Richard Ellis _93847 |
||
| 245 | _aLondon office market bulletin (City, Holborn, Canary Wharf and Docklands). - First quarter, second quarter & third quater 2000 | ||
| 260 |
_aLondon _bInsignia Richard Ellis _c2000 |
||
| 300 | _a3pt. ; 30cm. | ||
| 650 | _aCANARY WHARF | ||
| 650 | _aCITY OF LONDON | ||
| 650 | _aDOCKLANDS | ||
| 650 | _aFLOORSPACE STATISTICS | ||
| 650 | _aHOLBORN | ||
| 650 | _aLONDON | ||
| 650 | _aOFFICES | ||
| 690 | _aPROPERTY-COMMERCIAL PROPERTY-COMMERCIAL PROPERTY MARKET | ||
| 942 | _n0 | ||
| 999 |
_c100666 _d100666 |
||